| 000 | 00818nam a2200181 u 4500 | ||
|---|---|---|---|
| 001 | 000254713 | ||
| 003 | AM-YeHGA | ||
| 005 | 20250618071717.0 | ||
| 008 | 030818s1888 ru r 000 0 rus c | ||
| 040 | _aAM-YeHGA | ||
| 110 | 2 |
_aЛазаревский институт восточных языков _95173 |
|
| 245 | 1 | 0 |
_aКаталог книг и рукописей библиотек Лазаревскаго Института Восточных языков : _bа) Библиотека Специальных классов б) Восточный отдел Фундаментальной библиотеки. |
| 260 |
_aМосква : _bТип. О.О. Гербека, _c1888. |
||
| 300 |
_aVIII, 236 с. ; _c25 см. |
||
| 650 | 1 | 4 |
_aԳրադարաններ _xКаталоги |
| 090 | _c92970 | ||
| 942 | 0 | 0 | _01 |
| 999 |
_c91672 _d91672 |
||